000 01167cam a22003497a 4500
003 CHAP
005 20220329134350.0
008 971013s1980 r 00010 d
010 _a19415
011 _a20387
035 _a24475
040 _cCHAP
090 _aD-60
110 2 _aThe American Phytophatological Society. St. Paul, Minn.
_9112621
245 1 0 _aSyllabus for diseases of woody ornamentales (Diapositiva)
260 _a(s.l.) :
_bAmerican Phytophatological Society,
_c1980
300 _a27 diapositivas col. 2 x 2 plg.
490 0 _aDisease of plant
_v; 26
500 _aNota explicativa 3 p.
590 _aBATCH-UPD
_b10
_c20130109
_lUCH01
_h2328
590 _aBATCH-UPD
_b10
_c20130110
_lUCH01
_h2048
590 _aBATCH-UPD
_b10
_c20130410
_lUCH01
_h1401
590 _aBATCH-UPD
_b10
_c20130914
_lUCH01
_h1205
590 _aCONVERSION
_b10
_c20130109
_lUCH01
_h1312
650 1 4 _aPlantas leƱosas
_xEnfermedades.
_989023
650 1 4 _aPlantas ornamentales
_xEnfermedades.
_989062
700 0 _aSpencer, J. A.
_9109193
830 0 _aDisease of plant
_v; 26
_932721
901 _aBK
942 _cD
949 _aD-60
_bBC
_cD
_d-56380
_eD
_h59125
_i24475
_si
999 _c19415
_d19415